000 00662nam a22001817a 4500
003 UA-OsUOA
001 17261
007 ta
008 20040219b un ||||| |||| 00| 0 ukr d
100 _aЗбирун В.
942 _cSA
040 _aUA-OsUOA
_cUA-OsUOA
_dUA-OsUOA
245 _aІ в селі потребують соціальної допомоги: [Створення сіл. центрів соц. служб для молоді на території Костопіл. р-ну]
300 _aС.4
955 _a0
773 0 _w0
_tВічеве слово
_dКостопіль
_d2004
_g№7/7 лют./
650 7 _aКраєзнавча робота
_2UDC
999 _c303429
_d303429